000 01854nam a2200253Ia 4500
008 260220t2004||||xx |||||||||||||| ||spa||
020 _a9990566267
040 _aPY-SlUNAC
_bspa
_erda
041 _aspa
082 _a574.5
_bF323d
100 _aFeisinger, Peter
_eAutor
245 0 _aEl diseño de estudios de campo para la conservación de la biodiversidad /
_cpor Peter Feisinger [Autor]
264 _aSanta Cruz :
_bFAN,
_c℗2004.
300 _a1 volumen
520 _aEn "El diseño de estudios de campo para la conservación de la biodiversidad", Peter Feisinger aborda la importancia de la investigación en el campo para la preservación de la biodiversidad. El autor propone un marco metodológico que integra el diseño experimental con la aplicación práctica en diversas bioregiones, enfatizando la necesidad de enfoques adaptativos que respondan a los cambios ambientales y las dinámicas ecológicas. A través de ejemplos concretos, Feisinger ilustra cómo los estudios de campo pueden informar estrategias de conservación efectivas, abordando desafíos como la fragmentación de hábitats y el cambio climático. El libro también discute la relevancia de la colaboración interdisciplinaria y el involucramiento de las comunidades locales en la investigación y la conservación. Al final, el autor subraya que un diseño riguroso de estudios de campo es esencial no solo para entender la biodiversidad, sino también para implementar políticas que aseguren su protección a largo plazo, contribuyendo así a la sostenibilidad de los ecosistemas.
653 _aConservación de la biodiversidad
653 _aDiseño de estudios
653 _aEcología
942 _b2026/02/17
_cBK
999 _c8148
_d8148